000 00637nam a2200157 i 4500
001 45916
003 ES-MaACL
005 20230906161311.0
007 t|
008 030327s1978 sp ||||1| spa d
110 1 _aEspaña.
_bComisión Interministerial de Medio Ambiente.
_93637
245 1 0 _aMedio ambiente en España
_b: informe general /
_cComisión Interministerial de Medio Ambiente.
260 _a[Madrid] :
_bSubsecretaría de Ordenación Territorial y del Medio Ambiente, Dirección General de Acción Territorial y Medio Ambiente,
_c[1978]
300 _aLXVIII, 961 p. :
_bil. ;
_c26 cm.
852 _aES-MaACL
_jA-7707
_bR.97003
999 _c45916
_d45916